| 000 | | | 03951cbm2a2200277#x 450 |
| 001 | | | a223a0df-a408-40d0-a9b5-dcfdb449ec4c |
| 005 | | | 20200423120126.0 |
| 100 | ## | $a | 20200420j19330318k###0rusy50 ca |
| 101 | 0# | $a | rus |
| 102 | ## | $a | RU |
| 122 | 0# | $a | d19330318## |
| 200 | 1# | $a | Агентурный материал 4-го Управления Штаба РККА о влиянии премьер-министра Италии Б. Муссолини на внешнюю политику Германии |
| | $j | 18 марта 1933 г. |
| 251 | ## | $c | Документ |
| 300 | ## | $a | Копия |
| 461 | #0 | $1 | 2001 |
| | $a | Ф. 33987 |
| | $1 | 251 |
| | $c | Фонд |
| | $1 | 852 |
| | $j | 33987 |
| 462 | #0 | $1 | 2001 |
| | $a | Оп. 3а |
| | $1 | 251 |
| | $c | Опись |
| | $1 | 852 |
| | $j | 3а |
| 462 | #0 | $1 | 2001 |
| | $a | Д. 497 |
| | $v | Л. 131-132 |
| | $1 | 251 |
| | $c | Дело |
| | $1 | 852 |
| | $j | 497 |
| 605 | ## | $2 | prlib_sh |
| | $3 | LIBNET\UAF\0000088514 |
| | $a | Вторая мировая война в архивных документах (Комплекс оцифрованных архивных документов, кино- и фотоматериалов) |
| | $l | коллекция |
| 617 | ## | $a | СССР |
| | $f | 1933 |
| | $2 | prlib_sh |
| 617 | ## | $a | Германия |
| | $f | 1933 |
| | $2 | prlib_sh |
| 617 | ## | $a | Италия |
| | $f | 1933 |
| | $2 | prlib_sh |
| 801 | #0 | $a | RU |
| | $b | ПБ им. Б.Н. Ельцина |
| | $c | 20200420 |
| 801 | #1 | $a | RU |
| | $b | ПБ им. Б.Н. Ельцина |
| | $c | 20200420 |
| | $2 | rusmarc |
| 801 | #2 | $a | RU |
| | $b | ПБ им. Б.Н. Ельцина |
| | $c | 20200423 |
| | $2 | rusmarc |
| 850 | ## | $a | Российский государственный военный архив |
| 852 | ## | $a | РГВА |
| | $j | Л. 131-132 |
| 035 | ## | $a | LIBNET\0001069655 |
| 937 | ## | $d | 144130865 |
| | $h | Российский государственный военный архив |
| 856 | 4# | $u | http://readingroom.main.prlib.ru/item.aspx?id_node=n144130865&mode=full |